Excellent conditions for human capital investments

Európa poskytuje najpriaznivejšie podmienky pre zavádzanie kontraktov na ľudský kapitál (Human Capital Contracts), novo vyvinutý nástroj pre podporu financovania vysokoškolského štúdia. a to v najširšom meradle: Talentovaní študenti z rôznych krajín, výhodné daňové pravidlá, priaznivé zákony, a ďalš...

Ausführliche Beschreibung

Gespeichert in:
Bibliographische Detailangaben
1. Verfasser: Schmutzler, David Frederik
Format: Buchkapitel
Sprache:Englisch
Schlagworte:
Tags: Tag hinzufügen
Keine Tags, Fügen Sie das erste Tag hinzu!

MARC

LEADER 00000naa$a2200000$$$4500
001 0027831
005 20231107071207.3
041 0 |a eng 
044 |a CZ 
245 1 0 |a Excellent conditions for human capital investments  |c David Frederik Schmutzler 
520 |a Európa poskytuje najpriaznivejšie podmienky pre zavádzanie kontraktov na ľudský kapitál (Human Capital Contracts), novo vyvinutý nástroj pre podporu financovania vysokoškolského štúdia. a to v najširšom meradle: Talentovaní študenti z rôznych krajín, výhodné daňové pravidlá, priaznivé zákony, a ďalšie faktory vytvárajúce podmienky pre nový investičný produkt - cenné papiere na ľudský kapitál. Spoločnosť CareerConcept vytvorila fond pre ľudský kapitál pre študentov European Business School. 
610 2 0 |a kapitál ľudský 
610 2 0 |a investície 
610 2 0 |a štúdium vysokoškolské 
610 2 0 |a Európa 
610 2 0 |a financovanie 
610 2 0 |a papiere cenné 
610 2 0 |a študenti 
610 2 0 |a vzdelanie 
100 1 |a Schmutzler, David Frederik